[Event "Online Olym Div3 D 2020"]
[Site "chess.com INT"]
[Date "2020.07.09"]
[Round "7.4"]
[Board "1"]
[White "Machin Rivera, Mark"]
[Black "Andersen, Mads"]
[Result "0-1"]
[WhiteTitle "IM"]
[BlackTitle "GM"]
[WhiteElo "2341"]
[BlackElo "2585"]
[WhiteTeam "Puerto Rico"]
[BlackTeam "Denmark"]
[WhiteFideId "3101126"]
[BlackFideId "1413864"]
[EventDate "2020.07.07"]
[EventType "team"]

1. c4 c6 2. g3 d5 3. Nf3 Nf6 4. Bg2 g6 5. b3 Bg7 6. Bb2 O-O 7. O-O b6 8. d3 Bb7
9. Nbd2 c5 10. cxd5 Qxd5 11. Rc1 Rd8 12. a3 Na6 13. Nc4 Rac8 14. Qc2 Qd7 15.
Nce5 Qc7 16. Bh3 e6 17. Nxf7 Qxf7 18. Ng5 Qe7 19. Nxe6 Nc7 20. Nxg7 Rb8 21. Nf5
gxf5 22. Bxf5 Bc8 23. Qc4+ Be6 24. Qh4 Rf8 25. Bxf6 Rxf6 26. Bxh7+ Kg7 27. Be4
Rh8 28. Qg5+ Kf7 29. h4 Bxb3 30. h5 Ne6 31. Bg6+ Kf8 32. Qe5 Nd4 33. Qb8+ Kg7
34. h6+ Rxh6 35. Be4 Nxe2+ 36. Kg2 Nxc1 37. Rxc1 Qf7 38. f4 Bd5 39. Qe5 Bxe4+
40. dxe4 Qd7 41. Rf1 Kf7 42. Rf2 Qh3+ 43. Kf3 Qh5+ 44. Qxh5+ Rxh5 45. Kg4 Rh1
46. e5 Rg6+ 47. Kf3 Rg1 48. Rg2 Rxg2 49. Kxg2 Ke6 50. Kf3 Kf5 0-1

[Event "Online Olym Div3 D 2020"]
[Site "chess.com INT"]
[Date "2020.07.09"]
[Round "7.4"]
[Board "2"]
[White "Thybo, Jesper Sondergaard"]
[Black "Zilleruelo Irizarry, Diego"]
[Result "1-0"]
[WhiteTitle "GM"]
[WhiteElo "2577"]
[BlackElo "2081"]
[WhiteTeam "Denmark"]
[BlackTeam "Puerto Rico"]
[WhiteFideId "1438832"]
[BlackFideId "3101460"]
[EventDate "2020.07.07"]
[EventType "team"]

1. e4 c6 2. d4 d5 3. exd5 cxd5 4. Bd3 Nf6 5. c3 Nc6 6. Bf4 g6 7. Qc2 Bg7 8. Nf3
Bd7 9. O-O O-O 10. Qe2 Bg4 11. h3 Bxf3 12. Qxf3 a6 13. Nd2 Qd7 14. Rfe1 Rfe8 15.
Be5 Rf8 16. Bh2 e6 17. a4 b6 18. Nb3 Qb7 19. Qe2 Nd7 20. h4 Rfe8 21. Qf3 Na5 22.
Nd2 Nc6 23. h5 Rac8 24. Qh3 e5 25. dxe5 Ndxe5 26. Bf1 d4 27. Ne4 dxc3 28. Nd6
Qc7 29. Nxe8 Rxe8 30. bxc3 Rd8 31. Rad1 Rxd1 32. Rxd1 a5 33. Bb5 Qe7 34. Bxc6
Nxc6 35. Qc8+ 1-0

[Event "Online Olym Div3 D 2020"]
[Site "chess.com INT"]
[Date "2020.07.09"]
[Round "7.4"]
[Board "3"]
[White "Vazquez Maccarini, Danitza"]
[Black "Guindy, Esmat Susanne"]
[Result "1-0"]
[WhiteTitle "FM"]
[BlackTitle "WFM"]
[WhiteElo "2090"]
[BlackElo "2131"]
[WhiteTeam "Puerto Rico"]
[BlackTeam "Denmark"]
[WhiteFideId "3101193"]
[BlackFideId "1401637"]
[EventDate "2020.07.07"]
[EventType "team"]

1. e4 e6 2. d4 d5 3. exd5 exd5 4. c4 Nf6 5. Nf3 Be7 6. Be2 O-O 7. O-O Nbd7 8. c5
c6 9. Nc3 Re8 10. Bg5 Nf8 11. Ne5 Ne4 12. Bxe7 Qxe7 13. Bd3 f6 14. Bxe4 dxe4 15.
Nc4 f5 16. Nd6 Rd8 17. Re1 Be6 18. f3 exf3 19. Qxf3 Rxd6 20. cxd6 Qxd6 21. Rad1
Rd8 22. a3 Bb3 23. Rd2 g6 24. Ne4 fxe4 25. Qxb3+ Qd5 26. Qe3 Re8 27. Rf2 Nd7 28.
Rf4 c5 29. Rxe4 Rxe4 30. Qxe4 Qxd4+ 31. Qxd4 cxd4 32. Rd1 Kf7 33. Rxd4 Ke6 34.
b4 Nb6 35. Rd8 Nd5 36. Rb8 b6 37. Rb7 a5 38. bxa5 bxa5 39. Rxh7 Ne7 40. Kf2 g5
41. Rh6+ Kd5 42. Ra6 Nc6 43. g3 Kc5 44. h4 gxh4 45. gxh4 Kb5 46. Ra8 Ne5 47. h5
Ka4 48. Kg3 Nf7 49. Kf4 Kxa3 50. Rxa5+ Kb4 51. Ra7 Nd6 52. h6 1-0

[Event "Online Olym Div3 D 2020"]
[Site "chess.com INT"]
[Date "2020.07.09"]
[Round "7.4"]
[Board "4"]
[White "Kakulidis, Ellen"]
[Black "Morales Santos, Natasha"]
[Result "1/2-1/2"]
[WhiteTitle "WCM"]
[BlackTitle "WIM"]
[WhiteElo "2059"]
[BlackElo "1949"]
[WhiteTeam "Denmark"]
[BlackTeam "Puerto Rico"]
[WhiteFideId "1444972"]
[BlackFideId "3101703"]
[EventDate "2020.07.07"]
[EventType "team"]

1. d4 e6 2. g3 f5 3. Bg2 Nf6 4. Nf3 d5 5. O-O Bd6 6. c4 c6 7. b3 Qe7 8. Nc3 O-O
9. e3 Nbd7 10. Bb2 Ne4 11. Ne2 g5 12. Ne5 Qg7 13. Nd3 h5 14. Qc1 h4 15. Ba3 hxg3
16. hxg3 Kf7 17. Bxd6 Nxd6 18. cxd5 exd5 19. Nc3 Rh8 20. Re1 Qh7 21. Ne5+ Nxe5
22. dxe5 Ne4 23. Qc2 Qh2+ 24. Kf1 b6 25. Ne2 Ba6 26. Red1 Bxe2+ 27. Qxe2 Nc3 28.
Qc2 Nxd1 29. Qxf5+ Ke8 30. Rxd1 Qh7 31. Qe6+ Kf8 32. Qxc6 Re8 33. Qd6+ Qe7 34.
Rxd5 Qxd6 35. exd6 Rc8 36. d7 Rd8 37. Ke2 Ke7 38. Rxg5 Rxd7 39. Be4 Rhd8 40.
Rg7+ Kf6 41. Rg6+ Kf7 42. Kf3 Rd2 43. a4 Rb2 44. Rg5 Kf6 45. Rf5+ Ke6 46. Kg4
Rdd2 47. Rh5 Rxf2 48. Rh7 Rxb3 49. Rxa7 Rxe3 50. Bc6 Ra2 51. Rb7 Raa3 52. Rxb6
Rxg3+ 53. Kf4 Kd6 54. Bb5+ Kc5 55. Rc6+ Kb4 56. Rc4+ Ka5 57. Re4 Rh3 58. Re5
Rh4+ 59. Kf5 Rh5+ 60. Ke6 Rxe5+ 61. Kxe5 Kb6 62. Kd6 Ra1 63. Ke5 Kc5 64. Ke4
Re1+ 65. Kd3 Kb4 66. Kd4 Rd1+ 67. Ke5 Kc5 68. Ke4 Ra1 69. Ke5 Re1+ 70. Kf4 Kd4
71. Kf5 Ra1 72. Ke6 Kc5 73. Ke5 Kb4 74. Kd4 Rxa4 75. Bxa4 1/2-1/2

[Event "Online Olym Div3 D 2020"]
[Site "chess.com INT"]
[Date "2020.07.09"]
[Round "7.4"]
[Board "5"]
[White "Rodriguez Rosich, Carlos"]
[Black "Bjerre, Jonas Buhl"]
[Result "0-1"]
[BlackTitle "GM"]
[WhiteElo "1574"]
[BlackElo "2549"]
[WhiteTeam "Puerto Rico"]
[BlackTeam "Denmark"]
[WhiteFideId "3104230"]
[BlackFideId "1444948"]
[EventDate "2020.07.07"]
[EventType "team"]

1. e4 c5 2. Nc3 Nc6 3. f4 g6 4. Nf3 Bg7 5. Bb5 Nd4 6. O-O e6 7. d3 Ne7 8. Be3
O-O 9. a4 d5 10. a5 Nxf3+ 11. Rxf3 d4 12. Qe1 dxe3 13. Rxe3 Bd4 14. Nd1 Bd7 15.
Bxd7 Qxd7 16. c3 Bxe3+ 17. Nxe3 f5 18. Rd1 Nc6 19. Nf1 Rad8 20. h3 fxe4 21. dxe4
Qxd1 0-1

[Event "Online Olym Div3 D 2020"]
[Site "chess.com INT"]
[Date "2020.07.09"]
[Round "7.4"]
[Board "6"]
[White "van den Brink, Nienke"]
[Black "Richiez Guillen, Ciara Bernadette"]
[Result "1-0"]
[WhiteElo "1811"]
[BlackElo "1417"]
[WhiteTeam "Denmark"]
[BlackTeam "Puerto Rico"]
[WhiteFideId "1452568"]
[BlackFideId "6424643"]
[EventDate "2020.07.07"]
[EventType "team"]

1. e4 e6 2. d4 d5 3. exd5 exd5 4. c4 Nf6 5. Nf3 Bf5 6. Nc3 Be7 7. Be2 dxc4 8.
Bxc4 O-O 9. O-O Nc6 10. Be3 Nb4 11. Ne5 c6 12. Qb3 Nfd5 13. Rac1 b5 14. Nxc6
Nxc6 15. Bxd5 Na5 16. Qxb5 Rb8 17. Qe2 Be6 18. Bxe6 fxe6 19. f3 Bd6 20. Bf2 Qb6
21. d5 Qxb2 22. Qxe6+ 1-0

[Event "Online Olym Div3 D 2020"]
[Site "chess.com INT"]
[Date "2020.07.09"]
[Round "7.5"]
[Board "1"]
[White "Boidiya, Sidi"]
[Black "White, Rushawn"]
[Result "0-1"]
[WhiteTitle "FM"]
[WhiteElo "2040"]
[BlackElo "1743"]
[WhiteTeam "Mauritania"]
[BlackTeam "Jamaica"]
[WhiteFideId "19600100"]
[BlackFideId "7402805"]
[EventDate "2020.07.07"]
[EventType "team"]

1. e4 e6 2. d4 d5 3. exd5 exd5 4. Bd3 c5 5. dxc5 Bxc5 6. Nf3 Nf6 7. O-O O-O 8.
Bg5 h6 9. Bh4 Nc6 10. Nbd2 Re8 11. Nb3 Bb6 12. Re1 g5 13. Bg3 Ne4 14. c3 Bg4 15.
Qc2 f5 16. Nfd4 f4 17. f3 fxg3 18. fxg4 gxh2+ 19. Kxh2 Qd6+ 20. Kg1 Nxd4 21.
Nxd4 Bc7 22. Nf3 Qf4 23. Re2 Ng3 24. Rf2 Qxg4 25. Bh7+ Kh8 26. Qg6 Re7 27. Qf6+
Rg7 28. Bd3 Qh5 29. Nh2 Bb6 30. Re1 Kg8 31. Qe6+ Rf7 32. Ng4 Qh1# 0-1

[Event "Online Olym Div3 D 2020"]
[Site "chess.com INT"]
[Date "2020.07.09"]
[Round "7.5"]
[Board "2"]
[White "Curriah, Malik"]
[Black "Taleb Mohamed, Ahmed"]
[Result "1-0"]
[WhiteTitle "CM"]
[BlackTitle "CM"]
[WhiteElo "2043"]
[BlackElo "1950"]
[WhiteTeam "Jamaica"]
[BlackTeam "Mauritania"]
[WhiteFideId "7402236"]
[BlackFideId "19600038"]
[EventDate "2020.07.07"]
[EventType "team"]

1. e4 c5 2. Nf3 g6 3. c3 a6 4. d4 cxd4 5. cxd4 d6 6. Bc4 Bg7 7. Qb3 e6 8. Bg5
Ne7 9. Nbd2 b5 10. Bd3 h6 11. Be3 O-O 12. O-O Bb7 13. a4 Nbc6 14. axb5 Na5 15.
Qb4 axb5 16. Bxb5 d5 17. Ne5 dxe4 18. Nd7 Nd5 19. Qc5 Re8 20. b4 Bc8 21. Ne5 Nb7
22. Rxa8 Nxc5 23. Bxe8 Bxe5 24. dxe5 Nd3 25. Bb5 Nc7 26. Bb6 Nxb4 27. Nxe4 Nbd5
28. Nf6+ Kg7 29. Ne8+ Kh7 30. Nxc7 Nxc7 31. Ra7 Qd5 32. Rxc7 Qxb5 33. Rxc8 Qxb6
34. g3 Qd4 35. Re1 Kg7 36. Rc2 h5 37. Rce2 h4 38. Kg2 Qd5+ 39. Kh3 hxg3 40. hxg3
Qf3 41. Kh2 g5 42. Kg1 Qc3 43. Kg2 g4 44. Re3 Qc6+ 45. Re4 Kg6 46. Kg1 Kf5 47.
Rf4+ Kg6 48. Rxg4+ Kf5 49. Rf4+ Kg6 50. Ree4 Qc1+ 51. Kh2 Kg7 52. Rf6 Qg5 53.
Rff4 Kf8 54. Kg2 Qg6 55. Rb4 Qd3 56. Rb8+ Kg7 57. Rg4+ Kh7 58. Rbg8 Qd5+ 59. Kh2
Qxe5 60. R8g5 1-0

[Event "Online Olym Div3 D 2020"]
[Site "chess.com INT"]
[Date "2020.07.09"]
[Round "7.5"]
[Board "5"]
[White "Mohamed Abderrahim, Taleb Mohamed"]
[Black "McKennis, Darren"]
[Result "0-1"]
[WhiteElo "1811"]
[BlackElo "1735"]
[WhiteTeam "Mauritania"]
[BlackTeam "Jamaica"]
[WhiteFideId "19601441"]
[BlackFideId "7402872"]
[EventDate "2020.07.07"]
[EventType "team"]

1. e4 c6 2. Nc3 d5 3. Qf3 dxe4 4. Nxe4 Nd7 5. b3 Ngf6 6. Bb2 e6 7. O-O-O Nxe4 8.
Qxe4 Nf6 9. Qh4 Be7 10. Nf3 Nd5 11. Qg3 Bf6 12. h4 Bxb2+ 13. Kxb2 Qf6+ 14. Kb1
a5 15. Qg5 a4 16. Qxf6 Nxf6 17. d4 Ne4 18. Re1 Nxf2 19. Rg1 Ng4 20. Nd2 h5 21.
Nc4 b5 22. Nd6+ Ke7 23. Nf5+ Kf6 24. Nd6 Rd8 25. Ne4+ Ke7 26. c3 axb3 27. axb3
b4 28. Kb2 Nf6 29. Ng3 bxc3+ 30. Kxc3 Rb8 31. Bc4 g6 32. Rgf1 Nd5+ 33. Bxd5 cxd5
34. Kb2 Ba6 35. Rf3 Rb6 36. Rc1 Rb7 37. Rfc3 Rdb8 38. Rc7+ Kd8 39. Rxb7 Rxb7 40.
Nh1 Rb4 41. Kc3 Rb7 42. Kb2 Bc4 43. Rc3 Bf1 44. g3 Rb4 45. Rc2 Bd3 46. Rf2 Be4
47. Kc3 Rb7 48. Rf1 Ke7 49. Nf2 Bf5 50. Nd1 Kd6 51. Ne3 Be4 52. Ra1 f6 53. Ra6+
Ke7 54. b4 e5 55. dxe5 fxe5 56. Nd1 Rc7+ 57. Kb2 d4 58. b5 Rb7 59. b6 Kd6 60.
Nf2 Bf5 61. Kb3 Kc6 62. Kc4 Be6+ 63. Kd3 Bd5 64. Nh3 Rxb6 65. Rxb6+ Kxb6 66. Ng5
Kc5 67. Nh7 Be6 68. Nf6 Bf5+ 69. Kd2 e4 70. Ne8 e3+ 71. Ke2 Kd5 72. Nc7+ Ke4 73.
Nb5 d3+ 74. Kd1 Kf3 75. Nd4+ Kf2 0-1

[Event "Online Olym Div3 D 2020"]
[Site "chess.com INT"]
[Date "2020.07.09"]
[Round "8.1"]
[Board "1"]
[White "Douissa, Oussama"]
[Black "White, Rushawn"]
[Result "0-1"]
[WhiteTitle "FM"]
[WhiteElo "2258"]
[BlackElo "1743"]
[WhiteTeam "Tunisia"]
[BlackTeam "Jamaica"]
[WhiteFideId "5500508"]
[BlackFideId "7402805"]
[EventDate "2020.07.07"]
[EventType "team"]

1. e4 e6 2. d3 d5 3. Nd2 c5 4. Ngf3 Nf6 5. g3 Nc6 6. Bg2 Be7 7. O-O O-O 8. Re1
b5 9. e5 Nd7 10. h4 a5 11. Nf1 Qb6 12. N1h2 b4 13. Bg5 a4 14. a3 Ba6 15. Qd2
Rfb8 16. Bxe7 Nxe7 17. h5 h6 18. g4 bxa3 19. Rxa3 Qxb2 20. Rxa4 c4 21. dxc4 Nc5
22. Ra5 Ne4 23. Qd4 Qxc2 24. cxd5 exd5 25. e6 Nc6 26. exf7+ Kf8 27. Qe3 Nxa5 28.
Nd4 Qd3 29. Ne6+ Kxf7 30. Qf4+ Kg8 31. Bxe4 dxe4 32. Qc7 Rb7 33. Qxa5 Rf7 34. g5
e3 35. Rxe3 Qd1+ 36. Re1 Qxh5 37. Nc7 Qh4 38. Nxa6 Qxf2+ 39. Kh1 Rf5 40. Qa1
Rxa6 41. Re8+ Kf7 42. Qxa6 Kxe8 43. Qe6+ Kd8 44. Qd6+ Kc8 45. Qc6+ Kb8 46. Qd6+
Kb7 47. Qe7+ Kb6 48. Qb4+ Kc6 49. Qc4+ Kd6 50. Qa6+ Kd5 51. Qb7+ Ke6 52. Qc6+
Kf7 53. g6+ Kg8 54. Qe6+ Kh8 55. Qc8+ Rf8 56. Qc3 Re8 57. Nf3 Qe3 58. Qc6 Qe2
59. Kg1 Rf8 60. Nh2 Qe1+ 61. Kg2 Rf2+ 62. Kh3 Qe3+ 63. Kh4 Rxh2+ 64. Kg4 Qg5+
65. Kf3 Qg2+ 0-1

[Event "Online Olym Div3 D 2020"]
[Site "chess.com INT"]
[Date "2020.07.09"]
[Round "8.1"]
[Board "2"]
[White "Curriah, Malik"]
[Black "Meftahi, Houssem"]
[Result "0-1"]
[WhiteTitle "CM"]
[BlackTitle "IM"]
[WhiteElo "2043"]
[BlackElo "2117"]
[WhiteTeam "Jamaica"]
[BlackTeam "Tunisia"]
[WhiteFideId "7402236"]
[BlackFideId "5501660"]
[EventDate "2020.07.07"]
[EventType "team"]

1. e4 c5 2. Nf3 Nc6 3. Bb5 e6 4. Bxc6 bxc6 5. O-O Ne7 6. d3 Ng6 7. c4 e5 8. Nc3
Be7 9. Ne1 d6 10. Ne2 Rb8 11. f4 exf4 12. Nxf4 Nxf4 13. Rxf4 Bf6 14. Kh1 Bxb2
15. Bxb2 Rxb2 16. Qh5 O-O 17. Nf3 h6 18. Rf1 Qe7 19. g4 f6 20. g5 fxg5 21. Rxf8+
Qxf8 22. Kg1 Qe7 23. h4 Bh3 24. Rf2 Rxf2 25. Kxf2 g4 26. Nd2 Qf6+ 27. Ke2 g3 28.
Nf3 Qb2+ 29. Ke3 Qc1+ 30. Ke2 Bf1# 0-1

[Event "Online Olym Div3 D 2020"]
[Site "chess.com INT"]
[Date "2020.07.09"]
[Round "8.1"]
[Board "3"]
[White "Miladi, Amen"]
[Black "Brown, Raehanna"]
[Result "1/2-1/2"]
[WhiteTitle "WFM"]
[BlackTitle "WCM"]
[WhiteElo "1784"]
[BlackElo "1594"]
[WhiteTeam "Tunisia"]
[BlackTeam "Jamaica"]
[WhiteFideId "5503779"]
[BlackFideId "7402740"]
[EventDate "2020.07.07"]
[EventType "team"]

1. e4 c5 2. Nf3 Nc6 3. d4 cxd4 4. Nxd4 Nf6 5. Nc3 g6 6. Be3 Bg7 7. f3 O-O 8. Qd2
d5 9. O-O-O dxe4 10. Nxc6 Qxd2+ 11. Rxd2 bxc6 12. Nxe4 Nd5 13. Bc5 Bh6 14. c4
Bxd2+ 15. Kxd2 f5 16. cxd5 fxe4 17. dxc6 Be6 18. fxe4 Rfc8 19. Bxe7 Rxc6 20. a3
Re8 21. Bb5 Bd7 22. Bxc6 Bxc6 23. Bc5 a6 24. Re1 Bxe4 25. Kc3 Kf7 26. g3 Kf6 27.
Kd4 Rd8+ 28. Kc3 Re8 29. Bb4 Rc8+ 30. Kd4 Bf5 31. Bc3 Kf7 32. Ke3 Re8+ 33. Kf4
Rxe1 34. Bxe1 h5 35. b4 Ke6 36. Bc3 Kd5 37. Bb2 Kc4 38. Ke5 1/2-1/2

[Event "Online Olym Div3 D 2020"]
[Site "chess.com INT"]
[Date "2020.07.09"]
[Round "8.1"]
[Board "4"]
[White "Edwards, Alethia"]
[Black "Ayed, Ranim"]
[Result "1-0"]
[WhiteElo "1535"]
[BlackElo "1406"]
[WhiteTeam "Jamaica"]
[BlackTeam "Tunisia"]
[WhiteFideId "7400454"]
[BlackFideId "5505283"]
[EventDate "2020.07.07"]
[EventType "team"]

1. e4 d6 2. Nf3 Nf6 3. Nc3 g6 4. d4 Bg7 5. h3 O-O 6. Be2 Nbd7 7. Be3 e5 8. Qd2
Re8 9. O-O-O exd4 10. Bxd4 Nxe4 11. Nxe4 Rxe4 12. Bxg7 Kxg7 13. Bd3 Re8 14. Qc3+
Kg8 15. Rhe1 Rxe1 16. Rxe1 Nc5 17. Bc4 Be6 18. Bb5 a6 19. Bc4 Bxc4 20. Qxc4 Qf6
21. Kb1 Kf8 22. b3 Re8 23. Rxe8+ Kxe8 24. h4 Kd7 25. Qe2 Qe6 26. Qd2 Ne4 27. Qe3
Nf6 28. Qc3 d5 29. Nd4 Qe5 30. Qh3+ Kd8 31. Qd3 c5 32. Nf3 1-0

[Event "Online Olym Div3 D 2020"]
[Site "chess.com INT"]
[Date "2020.07.09"]
[Round "8.1"]
[Board "5"]
[White "Elayeb, Med Yessine"]
[Black "McKennis, Darren"]
[Result "0-1"]
[WhiteElo "1617"]
[BlackElo "1735"]
[WhiteTeam "Tunisia"]
[BlackTeam "Jamaica"]
[WhiteFideId "5506433"]
[BlackFideId "7402872"]
[EventDate "2020.07.07"]
[EventType "team"]

1. d4 d5 2. Nf3 Nf6 3. g3 Bf5 4. c4 c6 5. Nc3 e6 6. Qb3 Qb6 7. c5 Qxb3 8. axb3
Na6 9. e4 Nb4 10. exf5 Nc2+ 11. Kd1 Nxa1 12. fxe6 Nxb3 13. exf7+ Kxf7 14. Ng5+
Ke7 15. Bh3 Ne4 16. Re1 Nxc1 17. Ncxe4 Nd3 18. Re3 dxe4 19. Rxe4+ Kf6 20. Re6+
Kxg5 21. Ke2 Nxf2 22. Kxf2 Rd8 23. Bg2 g6 24. h4+ Kh6 25. h5 Bg7 26. g4 Bxd4+
27. Kg3 Rhe8 28. g5+ Kxg5 29. hxg6 Rxe6 0-1

[Event "Online Olym Div3 D 2020"]
[Site "chess.com INT"]
[Date "2020.07.09"]
[Round "8.1"]
[Board "6"]
[White "Miller, Rachel"]
[Black "Guidara, Rawia"]
[Result "1-0"]
[WhiteTitle "CM"]
[WhiteElo "2004"]
[BlackElo "1287"]
[WhiteTeam "Jamaica"]
[BlackTeam "Tunisia"]
[WhiteFideId "7401302"]
[BlackFideId "5506697"]
[EventDate "2020.07.07"]
[EventType "team"]

1. e4 c5 2. Nc3 d6 3. f4 Qc7 4. Nf3 Nc6 5. Bc4 Nf6 6. O-O e6 7. d3 Be7 8. Qe1 a6
9. Qg3 O-O 10. e5 dxe5 11. fxe5 Nh5 12. Qh3 g6 13. g4 Ng7 14. Bf4 b5 15. Bb3 Na5
16. Ne4 Qd8 17. Qh6 f6 18. exf6 Bxf6 19. Nxf6+ Qxf6 20. Be5 Qe7 21. Ng5 Ne8 22.
Rxf8+ 1-0

[Event "Online Olym Div3 D 2020"]
[Site "chess.com INT"]
[Date "2020.07.09"]
[Round "8.2"]
[Board "1"]
[White "Andersen, Mads"]
[Black "Taleb Mohamed, Ahmed"]
[Result "1-0"]
[WhiteTitle "GM"]
[BlackTitle "CM"]
[WhiteElo "2585"]
[BlackElo "1950"]
[WhiteTeam "Denmark"]
[BlackTeam "Mauritania"]
[WhiteFideId "1413864"]
[BlackFideId "19600038"]
[EventDate "2020.07.07"]
[EventType "team"]

1. Nf3 e6 2. g3 Be7 3. Bg2 h5 4. h4 b6 5. c4 Bb7 6. d4 Nf6 7. O-O d6 8. Nc3 a6
9. Qc2 Nbd7 10. Rd1 Ng4 11. b3 Nf8 12. e4 Nh7 13. e5 g5 14. d5 gxh4 15. dxe6
hxg3 16. exf7+ Kf8 17. Qg6 gxf2+ 18. Kf1 Bxf3 19. Bh6+ Nxh6 20. Qxh6+ Kxf7 21.
e6+ 1-0

[Event "Online Olym Div3 D 2020"]
[Site "chess.com INT"]
[Date "2020.07.09"]
[Round "8.2"]
[Board "2"]
[White "Sabar, Ethmane Daouda"]
[Black "Thybo, Jesper Sondergaard"]
[Result "0-1"]
[WhiteTitle "CM"]
[BlackTitle "GM"]
[WhiteElo "2040"]
[BlackElo "2577"]
[WhiteTeam "Mauritania"]
[BlackTeam "Denmark"]
[WhiteFideId "19600097"]
[BlackFideId "1438832"]
[EventDate "2020.07.07"]
[EventType "team"]

1. d4 Nf6 2. Nc3 d5 3. Bf4 c5 4. e3 cxd4 5. exd4 a6 6. Nf3 Bg4 7. h3 Bxf3 8.
Qxf3 Nc6 9. O-O-O e6 10. g4 Be7 11. g5 Nd7 12. h4 b5 13. Bh3 Nb6 14. Rhe1 O-O
15. Kb1 Nc4 16. Ne2 Rc8 17. Nc1 Qa5 18. Nb3 Qa4 19. Nc5 Nxd4 20. Rxd4 Bxc5 21.
Rxd5 Qb4 22. Qc3 Qxc3 23. bxc3 exd5 24. Bxc8 Rxc8 0-1

[Event "Online Olym Div3 D 2020"]
[Site "chess.com INT"]
[Date "2020.07.09"]
[Round "8.3"]
[Board "1"]
[White "Paiva, Donaldo"]
[Black "Machin Rivera, Mark"]
[Result "0-1"]
[WhiteTitle "CM"]
[BlackTitle "IM"]
[WhiteElo "2230"]
[BlackElo "2341"]
[WhiteTeam "Mozambique"]
[BlackTeam "Puerto Rico"]
[WhiteFideId "14800098"]
[BlackFideId "3101126"]
[EventDate "2020.07.07"]
[EventType "team"]

1. e4 g6 2. d4 Bg7 3. Nc3 d6 4. Be3 a5 5. Qd2 c6 6. a4 Nf6 7. h3 O-O 8. Nf3 Qc7
9. Bc4 e5 10. dxe5 dxe5 11. Rd1 Nbd7 12. Qd6 Qxd6 13. Rxd6 Ne8 14. Rd2 Nc7 15.
O-O Na6 16. Rfd1 Ndc5 17. Ng5 Bf6 18. Kh2 Kg7 19. g4 Bxg5 20. Bxg5 Be6 21. Be2
f6 22. Be3 Kf7 23. f3 Rfe8 24. b3 Re7 25. Nb5 cxb5 26. axb5 Nxb3 27. cxb3 Nb4
28. Bc4 Rc8 29. Rc1 Bxc4 30. bxc4 Rec7 31. c5 Ke8 32. Rcd1 Ra8 33. Ra1 Rd7 34.
Rxd7 Kxd7 35. Bd2 Nc2 36. Rd1 Ke7 37. Bc3 a4 38. Rd2 Ne3 39. Ra2 Ke6 40. Bb4 f5
41. Kg3 f4+ 42. Kf2 h5 43. Ke2 hxg4 44. hxg4 Kd7 45. Kd3 Kc7 46. Kc3 Nd1+ 47.
Kc4 Ne3+ 48. Kc3 Nd1+ 49. Kd2 Ne3 50. Ke2 Kd7 51. Bc3 Ke6 52. Rd2 Nc4 53. Ra2
Ne3 54. Be1 Nc4 55. Bf2 Ra5 56. Kd3 Ne3 57. Bxe3 fxe3 58. Kc4 a3 59. Kb4 e2 60.
Ra1 Ra8 61. Kc3 Rd8 62. Re1 a2 63. Kb2 Rd1 64. c6 bxc6 0-1

[Event "Online Olym Div3 D 2020"]
[Site "chess.com INT"]
[Date "2020.07.09"]
[Round "8.3"]
[Board "2"]
[White "Zilleruelo Irizarry, Diego"]
[Black "Napoleao, Lourenco"]
[Result "0-1"]
[WhiteElo "2081"]
[BlackElo "1807"]
[WhiteTeam "Puerto Rico"]
[BlackTeam "Mozambique"]
[WhiteFideId "3101460"]
[BlackFideId "14801302"]
[EventDate "2020.07.07"]
[EventType "team"]

1. e4 c5 2. Nf3 d6 3. d4 cxd4 4. Qxd4 Nc6 5. Bb5 a6 6. Bxc6+ bxc6 7. c4 e5 8.
Qd3 h6 9. Nc3 Nf6 10. O-O Be7 11. b3 O-O 12. h3 Be6 13. Ba3 Qc7 14. Rac1 Nh5 15.
Qe3 Nf4 16. Bb2 f5 17. Nd5 cxd5 18. cxd5 Qa7 19. dxe6 Qxe3 20. fxe3 Ne2+ 21. Kh2
Nxc1 22. Rxc1 fxe4 23. Nd2 Rac8 0-1

[Event "Online Olym Div3 D 2020"]
[Site "chess.com INT"]
[Date "2020.07.09"]
[Round "8.3"]
[Board "3"]
[White "Vilhete, Vania Fausto Da T."]
[Black "Vazquez Maccarini, Danitza"]
[Result "1/2-1/2"]
[WhiteTitle "WIM"]
[BlackTitle "FM"]
[WhiteElo "1799"]
[BlackElo "2090"]
[WhiteTeam "Mozambique"]
[BlackTeam "Puerto Rico"]
[WhiteFideId "14800144"]
[BlackFideId "3101193"]
[EventDate "2020.07.07"]
[EventType "team"]

1. d4 Nf6 2. c4 e6 3. Nf3 c5 4. e3 d5 5. Nc3 b6 6. Bd3 dxc4 7. Bxc4 Bb7 8. O-O
Nbd7 9. Bd3 Bd6 10. Re1 cxd4 11. exd4 h6 12. Ne5 O-O 13. Bc2 Bc7 14. Bf4 Nxe5
15. dxe5 Qxd1 16. Raxd1 Nd5 17. Nxd5 Bxd5 18. a3 b5 19. Rc1 Bb6 20. Bd3 a6 21.
Be3 Bxe3 22. Rxe3 Rac8 23. Ree1 Rfd8 24. a4 Rxc1 25. Rxc1 Bb3 26. Be4 Bxa4 27.
h3 Rd1+ 28. Rxd1 Bxd1 29. Kf1 a5 30. Ke1 Bb3 31. Kd2 Kf8 32. Kc3 Bc4 33. Bc6 Ke7
34. b3 Bf1 35. h4 g5 36. hxg5 hxg5 37. g3 g4 38. Kd4 f6 39. exf6+ Kxf6 40. Kc5
a4 41. bxa4 bxa4 42. Bxa4 Ke5 43. Bc6 Be2 44. Bb7 Bd3 45. f3 gxf3 46. Bxf3 Be4
47. Bg4 Bd5 48. Bxe6 Bxe6 49. Kc6 Bg4 50. Kc5 Ke4 51. Kc4 Kf3 52. Kd4 Kxg3 1/2-1/2

[Event "Online Olym Div3 D 2020"]
[Site "chess.com INT"]
[Date "2020.07.09"]
[Round "8.3"]
[Board "4"]
[White "Morales Santos, Natasha"]
[Black "Castro, Neusa Aridas De"]
[Result "1-0"]
[WhiteTitle "WIM"]
[BlackTitle "WCM"]
[WhiteElo "1949"]
[BlackElo "1512"]
[WhiteTeam "Puerto Rico"]
[BlackTeam "Mozambique"]
[WhiteFideId "3101703"]
[BlackFideId "14800250"]
[EventDate "2020.07.07"]
[EventType "team"]

1. d4 d5 2. c4 e6 3. Nc3 Nf6 4. Bg5 Be7 5. e3 O-O 6. cxd5 Nxd5 7. Bxe7 Nxe7 8.
Nf3 b6 9. Bd3 Bb7 10. O-O Nd7 11. Rc1 Rc8 12. Qa4 a5 13. Be4 Ba6 14. Rfd1 Nf6
15. Bb1 Bb7 16. Ne5 Ned5 17. a3 Ba8 18. Nb5 Ne8 19. Na7 Qg5 20. Nf3 Qd8 21. Nxc8
Qxc8 22. Ne5 Nd6 23. Qd7 Qb7 24. e4 Nf6 25. Qxc7 Ndxe4 26. Qxb7 Bxb7 27. f3 Nd6
28. Rc7 Ba8 29. Nd7 Nxd7 30. Rxd7 Nc4 31. Rc1 Nxb2 32. Rcc7 Na4 33. Ba2 Nb2 34.
Rxf7 Rxf7 35. Rc8+ Rf8 36. Bxe6+ Kh8 37. Rxf8# 1-0